Environmentálne dane

História environmentálnej dane. Formy environmentálnych platieb. Poplatky na úhradu nákladov. Stimulačné environmentálne dane. Fiškálne environmentálne dane.

Saved in:
Bibliographic Details
Main Author: Romančíková, Eva
Format: Book Chapter
Language:Slovak
Subjects:
Tags: Add Tag
No Tags, Be the first to tag this record!

MARC

LEADER 00000naa$a2200000$$$4500
001 0003813
005 20231002075544.4
041 0 |a slo 
044 |a SK 
245 1 0 |a Environmentálne dane  |c Eva Romančíková 
520 |a História environmentálnej dane. Formy environmentálnych platieb. Poplatky na úhradu nákladov. Stimulačné environmentálne dane. Fiškálne environmentálne dane. 
610 2 0 |a dane ekologické 
610 2 0 |a sústava daňová 
610 2 0 |a ekologizácia 
610 2 0 |a prostredie životné 
610 2 0 |a poplatky 
610 2 0 |a zdroje finančné 
100 1 |a Romančíková, Eva